000 00705nam a2200253 i 4500
001 C2-0129448
003 PPAK
005 20180727121322.0
008 970930s1994 my a|||| ||||| | eng d
020 _a9838650242
040 _aPPAK
_beng
_cPPAK
_erda
082 0 4 _a428.6
_223
090 0 0 _a428.6
_bMYD
_dK
245 0 0 _aMy Day
264 1 _aKuala Lumpur :
_bPerfect Frontier Sdn. Bhd. ,
_c1994
300 _a16 pages :
_billustrations ;
_c21 cm
336 _2rdacontent
_atext
337 _2rdamedia
_aunmediated
338 _2rdacarrier
_avolume
490 1 _aThe modern educational reading series A
650 1 0 _aReaders
830 0 _aThe modern educational reading series A
942 _ddc
_cB
999 _c39493
_d39493